<?xml version="1.0" encoding="UTF-8"?>
<record
    xmlns:xsi="http://www.w3.org/2001/XMLSchema-instance"
    xsi:schemaLocation="http://www.loc.gov/MARC21/slim http://www.loc.gov/standards/marcxml/schema/MARC21slim.xsd"
    xmlns="http://www.loc.gov/MARC21/slim">

  <leader>02751nam a2200445Ii 4500</leader>
  <controlfield tag="001">DIGRILEDIT0176</controlfield>
  <controlfield tag="003">NyNyDIG</controlfield>
  <controlfield tag="008">140807t20142014cl a    ob    000 0cspa d</controlfield>
  <controlfield tag="006">m     o  d        </controlfield>
  <controlfield tag="007">cr |||||||||||</controlfield>
  <datafield tag="035" ind1=" " ind2=" ">
    <subfield code="a">(OCoLC)893891137</subfield>
  </datafield>
  <datafield tag="040" ind1=" " ind2=" ">
    <subfield code="a">DGITA</subfield>
    <subfield code="b">eng</subfield>
    <subfield code="e">rda</subfield>
    <subfield code="e">pn</subfield>
    <subfield code="c">DGITA</subfield>
  </datafield>
  <datafield tag="020" ind1=" " ind2=" ">
    <subfield code="z">9789560100665</subfield>
  </datafield>
  <datafield tag="020" ind1=" " ind2=" ">
    <subfield code="z">9560100661</subfield>
  </datafield>
  <datafield tag="043" ind1=" " ind2=" ">
    <subfield code="a">e-sp---</subfield>
  </datafield>
  <datafield tag="050" ind1="1" ind2="4">
    <subfield code="a">HQ1147.S7 eBook</subfield>
  </datafield>
  <datafield tag="245" ind1="0" ind2="0">
    <subfield code="a">De reinas y plebeyas :</subfield>
    <subfield code="b">mujeres en la historia /</subfield>
    <subfield code="c">Mar&#xED;a Gabriela Huidobro Salazar, Patricio Zamora Navia (eds.).</subfield>
  </datafield>
  <datafield tag="250" ind1=" " ind2=" ">
    <subfield code="a">Primera edici&#xF3;n.</subfield>
  </datafield>
  <datafield tag="264" ind1=" " ind2="1">
    <subfield code="a">[Santiago] :</subfield>
    <subfield code="b">Universidad Nacional Andr&#xE9;s Bello ;</subfield>
    <subfield code="a">Santiago de Chile :</subfield>
    <subfield code="b">RiL Editores,</subfield>
    <subfield code="c">marzo de 2014.</subfield>
  </datafield>
  <datafield tag="264" ind1=" " ind2="4">
    <subfield code="c">&#xA9;2014</subfield>
  </datafield>
  <datafield tag="300" ind1=" " ind2=" ">
    <subfield code="a">1 online resource (172 pages) :</subfield>
    <subfield code="b">illustrations.</subfield>
  </datafield>
  <datafield tag="336" ind1=" " ind2=" ">
    <subfield code="a">text</subfield>
    <subfield code="b">txt</subfield>
    <subfield code="2">rdacontent</subfield>
  </datafield>
  <datafield tag="337" ind1=" " ind2=" ">
    <subfield code="a">computer</subfield>
    <subfield code="b">c</subfield>
    <subfield code="2">rdamedia</subfield>
  </datafield>
  <datafield tag="338" ind1=" " ind2=" ">
    <subfield code="a">online resource</subfield>
    <subfield code="b">cr</subfield>
    <subfield code="2">rdacarrier</subfield>
  </datafield>
  <datafield tag="504" ind1=" " ind2=" ">
    <subfield code="a">Includes bibliographical references (p. 159-169) and index.</subfield>
  </datafield>
  <datafield tag="505" ind1="0" ind2=" ">
    <subfield code="a">Hero&#xED;nas griegas: el rol protag&#xF3;nico de la mujer en la tragedia cl&#xE1;sica / Ver&#xF3;nica Ram&#xED;rez Err&#xE1;zuriz -- Mujeres romanas y el poder: del mundo privado al espacio p&#xFA;blico / Mar&#xED;a Gabriela Huidobro Salazar -- Entre husos, telares y ruecas: la representaci&#xF3;n social de la mujer a trav&#xE9;s del oficio en la Baja Edad Media / Daniela Frey -- P&#xFA;blicas pero an&#xF3;nimas: tolerancia y reglamentaci&#xF3;n de la prostituci&#xF3;n en la pen&#xED;nsula hisp&#xE1;nica bajomedieval / Eduardo D. Mu&#xF1;oz Saavedra -- Las magdalenas en la Espa&#xF1;a bajomedieval: el meretricio femenino en los espacios de marginalidad / Mar&#xED;a Jose Figueroa Toro -- Do&#xF1;a Sancha, hermana del emperador Alfonso VII de Le&#xF3;n, una infanta consejera y propietaria (c. 1107-1159) / &#xC1;ngel G. Gordo Molina -- Mujeres y poes&#xED;a trovadoresca: algunas notas sobre las trobairitz / R&#xF3;mulo Hidalgo L. -- Elo&#xED;sa, pasi&#xF3;n y piedad en el siglo XII / Patricio Zamora Navia.</subfield>
  </datafield>
  <datafield tag="588" ind1="0" ind2=" ">
    <subfield code="a">Online resource; title from ePub and PDF title page (Digitalia, viewed Aug. 8, 2014)</subfield>
  </datafield>
  <datafield tag="650" ind1=" " ind2="0">
    <subfield code="a">Women</subfield>
    <subfield code="z">Spain</subfield>
    <subfield code="x">History</subfield>
    <subfield code="y">Middle Ages, 500-1500.</subfield>
  </datafield>
  <datafield tag="650" ind1=" " ind2="0">
    <subfield code="a">Women</subfield>
    <subfield code="x">History</subfield>
    <subfield code="y">To 500.</subfield>
  </datafield>
  <datafield tag="650" ind1=" " ind2="0">
    <subfield code="a">Social history</subfield>
    <subfield code="y">Medieval, 500-1500.</subfield>
  </datafield>
  <datafield tag="655" ind1=" " ind2="0">
    <subfield code="a">Electronic books.</subfield>
  </datafield>
  <datafield tag="700" ind1="1" ind2=" ">
    <subfield code="a">Huidobro Salazar, Mar&#xED;a Gabriela,</subfield>
    <subfield code="e">editor.</subfield>
  </datafield>
  <datafield tag="700" ind1="1" ind2=" ">
    <subfield code="a">Zamora Navia, Patricio,</subfield>
    <subfield code="e">editor.</subfield>
  </datafield>
  <datafield tag="791" ind1="2" ind2=" ">
    <subfield code="a">Digitalia (Firm),</subfield>
    <subfield code="e">distributor.</subfield>
  </datafield>
  <datafield tag="793" ind1="0" ind2=" ">
    <subfield code="g">Digitalia eBook Collection:</subfield>
    <subfield code="a">Ril editores</subfield>
  </datafield>
  <datafield tag="776" ind1="0" ind2="8">
    <subfield code="i">Print version:</subfield>
    <subfield code="t">De reinas y plebeyas.</subfield>
    <subfield code="b">Primera edici&#xF3;n</subfield>
    <subfield code="d">[Santiago] : Universidad Nacional Andr&#xE9;s Bello ; Santiago de Chile : RiL Editores, [2014]</subfield>
    <subfield code="z">9789560100665</subfield>
    <subfield code="w">(OCoLC)881485048</subfield>
  </datafield>
  <datafield tag="856" ind1="4" ind2="0">
    <subfield code="3">Digitalia Hisp&#xE1;nica</subfield>
    <subfield code="u">https://www.digitaliapublishing.com/a/25660/</subfield>
  </datafield>
  <datafield tag="910" ind1=" " ind2=" ">
    <subfield code="a">Premium Collection: 2014</subfield>
  </datafield>
  <datafield tag="942" ind1=" " ind2=" ">
    <subfield code="c">RAA</subfield>
  </datafield>
  <datafield tag="952" ind1=" " ind2=" ">
    <subfield code="0">0</subfield>
    <subfield code="1">0</subfield>
    <subfield code="4">0</subfield>
    <subfield code="7">0</subfield>
    <subfield code="8">DEH</subfield>
    <subfield code="a">BD-UIN</subfield>
    <subfield code="b">BD-UIN</subfield>
    <subfield code="d">2025-04-25</subfield>
    <subfield code="l">0</subfield>
    <subfield code="r">2025-04-25</subfield>
    <subfield code="w">2025-04-25</subfield>
    <subfield code="y">RAA</subfield>
  </datafield>
  <datafield tag="999" ind1=" " ind2=" ">
    <subfield code="c">238674</subfield>
    <subfield code="d">238674</subfield>
  </datafield>
</record>
